| 000 | 00604nam a22002177a 4500 | ||
|---|---|---|---|
| 003 | URS | ||
| 005 | 20250828100456.0 | ||
| 008 | 250327b ||||| |||| 00| 0 eng d | ||
| 040 | _cURS | ||
| 050 |
_aHG173 _b.M632 1989 |
||
| 100 |
_911754 _aMishkin, Frederic S. |
||
| 245 | _aThe economics of money, baking, and financial markets | ||
| 264 |
_aReading, Mass _bAddison-Wesley _c©1989 |
||
| 336 |
_2rdacontent _atext |
||
| 337 |
_2rdamedia _aunmediated |
||
| 338 |
_2rdacarrier _avolume |
||
| 650 | 0 |
_91212 _aFinance |
|
| 650 | 0 |
_911755 _aMoney |
|
| 650 | 0 |
_911756 _aBanks and Banking |
|
| 942 |
_2lcc _cCR |
||
| 999 |
_c84759 _d84757 |
||